Colleges in Iowa - Statistics

General Stats
  • This quiz has been taken 17 times
  • The average score is 10 of 52
Answer Stats
Location Answer % Correct
Ames Iowa State University
100%
Iowa City University of Iowa
85%
Des Moines Drake University
77%
Cedar Falls University of Northern Iowa
69%
Decorah Luther College
54%
Grinnell Grinnell College
46%
Cedar Rapids Coe College
38%
Pella Central College
31%
Mount Vernon Cornell College
31%
Ankeny Des Moines Area Community College
31%
Waverly Wartburg College
31%
Des Moines Des Moines University
23%
Des Moines Grand View University
23%
Council Bluffs Iowa Western Community College
23%
Cedar Rapids Kirkwood Community College
23%
Dubuque Loras College
23%
Indianola Simpson College
23%
Dubuque University of Dubuque
23%
Dubuque Clarke University
15%
Iowa Falls Ellsworth Community College
15%
Estherville Iowa Lakes Community College
15%
Des Moines Mercy College of Health Sciences
15%
Cedar Rapids Mount Mercy University
15%
Calmar Northeast Iowa Community College
15%
Mason City North Iowa Area Community College
15%
Sheldon Northwest Iowa Community College
15%
Davenport St. Ambrose University
15%
Fayette Upper Iowa University
15%
Storm Lake Buena Vista University
8%
Sioux Center Dordt University
8%
Davenport Eastern Iowa Community Colleges
8%
Dubuque Emmaus University
8%
Ottumwa Indian Hills Community College
8%
Fort Dodge Iowa Central Community College
8%
Orange City Northwestern College
8%
Davenport Palmer College of Chiropractic
8%
West Burlington Southeastern Community College
8%
Waterloo Allen College
0%
Sioux City Briar Cliff University
0%
Epworth Divine Word College
0%
Ankeny Faith Baptist Bible College
0%
Lamoni Graceland University
0%
Waterloo Hawkeye Community College
0%
Fairfield Maharishi International University
0%
Marshalltown Marshalltown Community College
0%
Sioux City Morningside University
0%
Creston Southwestern Community College
0%
Sioux City St. Luke's College
0%
Forest City Waldorf University
0%
Waverly Wartburg Theological Seminary
0%
Sioux City Western Iowa Tech Community College
0%
Oskaloosa William Penn University
0%
No matching quizzes found
Score Distribution
Percent of People with Each Score
Percentile by Number Answered
Your Score History
You have not taken this quiz